000 00803nam a2200265 i 4500
001 bg
100 1 _aŁojewski, Stanisław.
245 1 0 _aEkonomia zasobów i środowiska /
_cStanisław Łojewski.
260 _aBydgoszcz :
_bWydawnictwo KPSW,
_c2007.
300 _a428 s. :
_bil. (gł. kolor.) ;
_c24 cm.
504 _aBibliogr. s. 385-403.
650 9 _aSurowce
_xgospodarka
650 9 _aŚrodowisko człowieka
_xekonomika
655 _aPodręczniki akademickie
015 _aPB 15466/2007
020 _a9788389914132
040 _cBPK
041 0 _apol
044 _aPOL
080 _a502.13/.14(075.8)
920 _a978-83-89914-13-2
942 _cKS
008 070518s2007 pl a |001 0 pol
999 _c54686
_d54686
856 _uhttp://koha.tu.koszalin.pl/cgi-bin/koha/opac-detail.pl?biblionumber=54686
_yKatalog online BPK